Sen o kříži /

Other Authors: Čermák, Jan, 1962-
Language: Czech
Published: Praha : Jitro, 2005
Edition: Vyd. 1.
Subjects:
Online Access: Digitalizovaný dokument
Physical Description: 131 s. : il. ; 19 cm
Book
Saved in:
LEADER 02414nam a2200661 a 4500
001 nkc20051632115
003 CZ PrNK
005 20250710094546.0
007 ta
008 051122s2005 xr a e 000 m cze
015 |a cnb001632115 
020 |a 80-903106-8-0  |q (váz.) 
035 |a (OCoLC)85165124 
040 |a OLA001  |b cze  |d ABA001 
041 1 |a cze  |h ang 
043 |a ew----- 
045 |a h-o- 
072 7 |a 821.111-1  |x Anglická poezie, anglicky psaná  |2 Konspekt  |9 25 
080 |a 821.111-1  |2 MRF 
080 |a 27-312.8  |2 MRF 
080 |a 27-536.42  |2 MRF 
080 |a 81'255.4  |2 MRF 
080 |a 811.111'0  |2 MRF 
080 |a (4-15)  |2 MRF 
080 |a (0:82-1)  |2 MRF 
080 |a (0.027)=030  |2 MRF 
080 |a (048.8)  |2 MRF 
245 0 0 |a Sen o kříži /  |c přeložil Jan Čermák ; [ilustrovala Michaela Tůmová] 
250 |a Vyd. 1. 
260 |a Praha :  |b Jitro,  |c 2005 
300 |a 131 s. :  |b il. ;  |c 19 cm 
500 |a Přeloženo ze staré angličtiny 
500 |a Doplněno doprovodným textem 
504 |a Obsahuje bibliografii a bibliografické odkazy 
648 4 |a 4.-11. století 
648 7 |a 8. století  |7 ch460546  |2 czenas 
650 0 7 |a anglická poezie  |7 ph114051  |y 8. století  |2 czenas 
650 0 7 |a ukřižování Ježíše Krista  |7 ph138458  |2 czenas 
650 0 7 |a kříž (křesťanský symbol)  |7 ph122158  |z Evropa západní  |y 4.-11. století  |2 czenas 
650 0 7 |a literární překlady  |7 ph122392  |2 czenas 
650 0 7 |a stará angličtina  |7 ph126045  |2 czenas 
650 0 9 |a English poetry  |y 8th century  |2 eczenas 
650 0 9 |a crucifixion of Jesus Christ  |2 eczenas 
650 0 9 |a Holy Cross  |z Europe, Western  |y 4th-11th centuries  |2 eczenas 
650 0 9 |a literary translation  |2 eczenas 
650 0 9 |a old English language  |2 eczenas 
655 7 |a anglická poezie  |7 fd131807  |2 czenas 
655 7 |a vícejazyčná vydání  |7 fd237849  |2 czenas 
655 7 |a studie  |7 fd133597  |2 czenas 
655 9 |a English poetry  |2 eczenas 
655 9 |a multilingual editions  |2 eczenas 
655 9 |a studies  |2 eczenas 
700 1 |a Čermák, Jan,  |d 1962-  |7 jn19981002567  |4 trl  |4 wfw 
856 4 1 |u http://www.digitalniknihovna.cz/mzk/uuid/uuid:85a69e50-a1c4-11e6-baa5-005056827e51  |y Digitalizovaný dokument  |x NDK 
910 2 |a BOA001  |b 1-1157.881 
990 |a BK 
995 |a 01 
996 6 |b 2610268237  |c 1-1157.881  |l MZK  |r Sklad / do 1 hodiny  |n 4  |p p.v.  |w 000801126  |u 000010  |a 1  |e BOA001  |j MZK50  |s P